000 00475nam a22001817a 4500
005 20230403130248.0
008 221220b |||||||| |||| 00| 0 eng d
020 _a81239-0407-X
041 _aeng
082 _a613.7 PAR-H
100 _aPARMAR ,N.S
_97650
245 _aHEALTH EDUCATION & COMMUNITY PHARMACY
250 _a1st ed.
260 _aNEW DELHI
_bCBS PUBLISHERS & DISTRIBUTORS
_c2023
300 _a308;P.
650 _aPHARMACY
_xD.PHARMA
_97651
942 _cBK
999 _c8157
_d8155